000 00386nam a2200145Ia 4500
008 131103s9999 xx 000 0 und d
040 _aLoreto College
041 _aEnglish
082 _a943/ROD
_bLCLIB/11562
100 _aRoades,John E.
245 _aGermany
_b a history
_cJohn E Roades
260 _aNew York
_bRinehart and Winston
_cc1964
850 _aLCLIB/943/ROD
942 _cBK
999 _c36021
_d86500